[Event "Kuala Lumpur Merdeka rapid op"]
[Site "Kuala Lumpur"]
[Date "2019.09.01"]
[Round "7"]
[White "Marohom, De Leon Jr"]
[Black "Mohd Zin, Mohd Syazwan"]
[Result "1-0"]
[WhiteElo "2231"]
[BlackElo "1698"]
[PlyCount "63"]
[EventDate "2019.09.01"]
[EventType "swiss (rapid)"]
[EventRounds "7"]
[EventCountry "MAS"]
[SourceTitle "EXT 2020"]
[Source "ChessBase"]
[SourceDate "2019.10.17"]
[SourceVersion "1"]
[SourceVersionDate "2019.10.17"]
[SourceQuality "1"]

1. e4 c6 2. d4 d5 3. exd5 cxd5 4. c4 Nf6 5. Nc3 Nc6 6. Nf3 e6 7. Bd3 Be7 8. 0-0 0-0 9. a3 dxc4 10. Bxc4 a6 11. Re1 b5 12. Ba2 Bb7 13. Be3 Rc8 14. Qd3 b4 15. Ne4 Nxe4 16. Qxe4 Na5 17. Qg4 b3 18. Bb1 Bf6 19. Ng5 g6 20. Qh4 h5 21. Qg3 Nc4 22. Nxe6 fxe6 23. Qxg6+ Bg7 24. Qh7+ Kf7 25. Bg6+ Kf6 26. Bxh5 Qd5 27. Qg6+ Ke7 28. Qxg7+ Kd6 29. Qg3+ Kc6 30. Bf3 Rg8 31. Bxd5+ Kxd5 32. Qf3+ 1-0

[Event "Kuala Lumpur UM KPT op"]
[Site "Kuala Lumpur"]
[Date "2016.12.16"]
[Round "3"]
[White "Mohd Zin, Mohd Syazwan"]
[Black "Qamar, Asadullah"]
[Result "1-0"]
[WhiteElo "1672"]
[BlackElo "1614"]
[PlyCount "73"]
[EventDate "2016.12.16"]
[EventType "swiss"]
[EventRounds "9"]
[EventCountry "MAS"]
[SourceTitle "CBM 176 Extra"]
[Source "ChessBase"]
[SourceDate "2017.03.02"]
[SourceVersion "1"]
[SourceVersionDate "2017.03.02"]
[SourceQuality "1"]

1. d4 e6 2. Nf3 f5 3. c4 Nf6 4. b3 Be7 5. e3 d6 6. Bd3 0-0 7. 0-0 Qe8 8. Qc2 Nc6 9. Nc3 Nb4 10. Qd2 Nxd3 11. Qxd3 Bd8 12. Bb2 Qg6 13. Rfe1 Ne4 14. Nd2 Nxd2 15. Qxd2 Bd7 16. Rad1 Bg5 17. f4 Be7 18. d5 e5 19. Ne2 Bh4 20. g3 Rfe8 21. Kf2 Bf6 22. Ng1 Qh6 23. Kg2 g5 24. Rf1 exf4 25. exf4 gxf4 26. Bxf6 Qxf6 27. Qxf4 Re5 28. Nf3 Re4 29. Qg5+ Kf7 30. Qh5+ Kg8 31. Ng5 Re7 32. Nh3 Kh8 33. Nf4 Rg8 34. Rde1 Re4 35. Re2 Rg4 36. Rxe4 fxe4 37. Ne6 1-0

[Event "Kuala Lumpur UM KPT op"]
[Site "Kuala Lumpur"]
[Date "2016.12.16"]
[Round "1"]
[White "Mohd Zin, Mohd Syazwan"]
[Black "Tan, Wei Hao"]
[Result "0-1"]
[WhiteElo "1672"]
[BlackElo "1891"]
[PlyCount "98"]
[EventDate "2016.12.16"]
[EventType "swiss"]
[EventRounds "9"]
[EventCountry "MAS"]
[SourceTitle "CBM 176 Extra"]
[Source "ChessBase"]
[SourceDate "2017.03.02"]
[SourceVersion "1"]
[SourceVersionDate "2017.03.02"]
[SourceQuality "1"]

1. d4 d5 2. c4 c6 3. Nc3 e6 4. Nf3 Nf6 5. e3 Bd6 6. Bd3 Nbd7 7. 0-0 0-0 8. e4 dxe4 9. Nxe4 Nxe4 10. Bxe4 Nf6 11. Bc2 c5 12. b3 cxd4 13. Nxd4 e5 14. Nb5 Bb8 15. Ba3 Bg4 16. Qe1 Re8 17. f3 a6 18. Nc3 Bd7 19. Kh1 Bc6 20. Ne4 Nxe4 21. Bxe4 Qf6 22. Rd1 Bc7 23. Bb2 Qe6 24. Qe2 b5 25. c5 Rac8 26. Bxc6 Qxc6 27. b4 a5 28. a3 axb4 29. axb4 Ra8 30. Ra1 f6 31. Rfd1 Rxa1 32. Rxa1 Kf8 33. Kg1 Kf7 34. Bc3 Rb8 35. Kf2 Bb6 36. Kf1 Bc7 37. Qa2+ Kf8 38. Rd1 Rd8 39. Rxd8+ Bxd8 40. Ke2 e4 41. f4 Bc7 42. Qd2 Qe6 43. h3 Ke7 44. Qd4 Bxf4 45. Bd2 Bc7 46. Ke3 Qb3+ 47. Kxe4 f5+ 48. Kxf5 Qe6+ 49. Kg5 Qg6+ 0-1